000 00519nam a2200181Ia 4500
005 20250317125747.0
008 008 250317s9999 xx 000 0 eng d
037 _aTextbook
040 _aFMSL
_beng
_cFMSL
041 _aeng
_2eng
084 _aX8(A) M2
_qFMSL
100 _aSrivastava U K
245 0 _aManagement of marine fishing industry
260 _aBombay Bombay
_bBombay Bombay, Oxford & IBH
_c1982
300 _a234p
942 _cTB
_hX8(A) M2
999 _c1260849
_d1260849